000 00228nam a2200097Ia 4500
001 682994
005 20250826161429.0
008 250824s9999 xx 000 0 und d
245 0 _aYOLDA
_cBUKET UZUNER
260 _bEVEREST YAYINLARI
999 _c682994
_d682994